Belgium National Team All-Time XI - Statistics

General Stats
  • This quiz has been taken 173 times
  • The average score is 7 of 13
Answer Stats
Position Period Player % Correct
MF 2010- Kevin De Bruyne
100%
FW 2010- Romelu Lukaku
99%
GK 2011- Thibaut Courtois
99%
FW 2008-22 Eden Hazard
95%
DF 2007- Jan Vertonghen
87%
DF 2004-19 Vincent Kompany
86%
MF 1984-98 Enzo Scifo
28%
MF 1966-82 Wilfried Van Moer
26%
MF 1977-91 Jan Ceulemans
25%
DF 1975-91 Eric Gerets
21%
FW 1960-74 Paul Van Himst
15%
12th player 1979-94 Michel Preud'homme
13%
Coach 1976-91 Guy Thys
7%
No matching quizzes found
Score Distribution
Percent of People with Each Score
Percentile by Number Answered
Your Score History
You have not taken this quiz